عرض عادي عرض مارك
  • iCloud.

مدخل عنوان موحد

عدد التسجيلات المستخدمة في: 1

001 - رقم الضبط

  • حقل الضبط: 41904

003 - معرف رقم الضبط

  • حقل الضبط: OSt

005 - تاريخ ووقت أخر عملية

  • حقل الضبط: 20140108210628.0

008 - عناصر بيانات ثابتة الطول

  • حقل تحكم ثابت الطول: 140108|||a|||||| | ||| d

040 ## - مصدر الفهرسة

  • هيئة الفهرسة الأصلية: OSt
  • وكالة الكتابة: OSt

130 ## - مدخل -- اسم مؤتمر

  • العنوان الموحد: iCloud.

670 ## - بيانات المصدر موجوده

  • الاستشهاد بالمصدر: Work cat.: (OSt)0: Rich, Jason. 41903, How to do everything. iCloud /, c2012.